Propuestas de educación intercultural para profesores

Saved in:
Bibliografiske detaljer
Hovedforfatter: Jordán, José Antonio (Author)
Format: Bog
Sprog:spansk
Udgivet: Barcelona Ceac 1996
Serier:Aula Práctica Secundaria
Fag:
Tags: Tilføj Tag
Ingen Tags, Vær først til at tagge denne postø!

MARC

LEADER 00000nam a2200000 a 4500
001 UCI9745
003 CL-VaPUC
008 081204e19960000SP |||||||||||||||||spa|d
020 |a 8432986623 
082 0 4 |a 370.117  |b JOR  |2 21 
100 |a Jordán, José Antonio  |e author  |9 533665 
245 1 0 |a Propuestas de educación intercultural para profesores 
300 |a 143 p 
942 |c BK 
945 |d 20081204 00:00:00  |a jtorresc 
260 |a Barcelona  |b Ceac  |c 1996 
650 0 |a Educación intercultural  |9 339736 
650 7 |a PROPUESTAS EDUCATIVAS  |2 CL-VaPUC  |9 390553 
650 0 |a Sociología de la educación   |9 260380 
650 0 |a Profesores   |9 308968 
650 0 |a Métodos de enseñanza  |9 270413 
583 |a last modification  |c 20081204 00:00:00  |k Rodrigo Vera 
490 0 |a Aula Práctica Secundaria 
999 |c 332224  |d 332222 
952 |0 0  |1 0  |4 0  |6 370_117000000000000_JOR_1996  |7 0  |8 A  |9 419736  |a BIBEDU  |b BIBEDU  |d 2019-11-22  |i 4502280  |o 370.117 JOR 1996  |p 4502280  |r 2019-11-22  |w 2019-11-22  |y BK  |k EPE 
952 |0 0  |1 0  |4 0  |6 370_117000000000000_JOR_1996  |7 0  |8 A  |9 419737  |a BIBEDU  |b BIBEDU  |d 2019-11-22  |i 4511034  |o 370.117 JOR 1996  |p 4511034  |r 2019-11-22  |w 2019-11-22  |y BK  |k EPE